000 00556cam a2200169Ki 4500
082 _a621.815
_bLOW
_cL-12, P-11
100 1 _aLow, David Allan,
_940637
245 1 2 _aA manual of machine drawing and design
260 _aLondon :
_bLongmans, Green and Co.,
_c1901.
300 _a1 online resource (8, 376 p.) :
_bill.
526 _a0
_b0
_c0
_d621_815000000000000_LOW
650 0 _aMachine design.
_918984
650 0 _aMCE
_9379
650 0 _aMechanical drawing.
856 4 0 _uhttp://catalog.hathitrust.org/api/volumes/oclc/61602213.html
942 _2ddc
_cBK
999 _c545981
_d545981